000 00752nam0a22002531 4500
001 rc\105711
005 20250620183127.0
010 _a5-256-00828-5
_950000
035 _a(NLR Aleph) 005367610
090 _a6965730
_c6965730
100 _a20021216d1993 |||y0rusy50 ca
101 0 _arus
102 _aRU
105 _ay |||||||||
200 1 _aВведение в dBASE IV
_fПеревод с англ. Б.А. Романова
210 _aМ.
_cРадио и связь
_d1993
215 _a299 с.
_d21
300 _aПеревод изд.: Inside dBASE IV / Tony Lima (Reading, Mass. etc.)
700 1 _aЛима
_bТ.
_gТони
801 0 _aRU
_bNLR
_gpsbo
801 1 _aRU
_bELAR
_2rusmarc
852 _aNLR
_j93-3/342
942 _cBOOK
980 _aNB